000 00744nam a2200217Ia 4500
999 _c42759
_d42759
003 GCL
005 20240530103824.0
008 140319s9999 xx 000 0 ara d
040 _aGCL /
_cGCL
082 0 4 _a157.7
_bف ك
100 1 _aم.فيتنبرج ، رودلف
245 1 0 _aكيف نساعد الاخرين: تطبيق مبادىء الصحة النفسية فى رعاية الشباب /
_cرودلف م.فيتنبرج
300 _a99 ص
490 _aالالف كتاب
_v0
650 0 4 _aالصحة النفسية
650 0 4 _aعلم النفس
650 0 4 _aالعلاج النفسى
700 1 _aفوزية محمد (مترجم)
700 1 _aمحمد عمادالدين اسماعيل (مراجع)
942 _2ddc
_cBK